LEADER 00912nam0 2200277 450 001 000000655 005 20241030101650.0 010 $a88-238-0416-7 100 $a20000211d1997----km-y0itay50------ba 101 0 $aita 102 $aIT 200 1 $aMarketing della distribuzione e marketing integrato$ei casi Marks & Spencer e Benetton$fEdoardo Sabbadin 210 $aMilano$cEGEA$d1997c 215 $a319 p.$d24 cm 225 2 $aBiblioteca dell'economia d'azienda$v48 410 0$12001$aBiblioteca dell'economia d'azienda 610 1 $aMerci$aDistribuzione 610 1 $aMerchandising 676 $a658.8 700 1$aSabbadin,$bEdoardo$0108363 801 0$aIT$bUNIPARTHENOPE$gRICA$2UNIMARC 912 $a000000655 951 $cNAVA1$a658-M/28$b33548$d20000211 951 $aDISAE 531/13$b6896 ex St.Az.$cNAVA2 996 $aMarketing della distribuzione e marketing integrato$9416526 997 $aUNIPARTHENOPE